Povrchové úpravy konštrukcií historickej architektúry a ich pamiatková obnova : Kandidátska dizertačná práca /
Saved in:
| Main Author: | |
|---|---|
| Other Authors: | |
| Format: | Manuscript Book |
| Language: | Slovak |
| Published: |
Bratislava :
Fakulta architektúry SVŠT v Bratislave,
október 1978
|
| Subjects: | |
| Tags: |
No Tags, Be the first to tag this record!
|
MARC
| LEADER | 00000ntm a22000003a 4500 | ||
|---|---|---|---|
| 001 | 0112622 | ||
| 003 | SK-STU | ||
| 005 | 20241129101900.8 | ||
| 007 | ta | ||
| 008 | 241127s2024----xo-----f-mn---000-0-slo-d | ||
| 040 | |a STU |b slo | ||
| 041 | 0 | |a slo | |
| 044 | |a xo |c SK | ||
| 100 | 1 | |a Kráľová, Eva, |d 1951- |4 aut |X 391 |7 A000000391 | |
| 245 | 1 | 0 | |a Povrchové úpravy konštrukcií historickej architektúry a ich pamiatková obnova : |b Kandidátska dizertačná práca / |c aut. Eva Kráľová ; škol. Daniel Majzlík |
| 260 | |a Bratislava : |b Fakulta architektúry SVŠT v Bratislave, |c október 1978 | ||
| 300 | |a 191 s. | ||
| 650 | 0 | 7 | |a architektonické pamiatky |
| 650 | 0 | 7 | |a stavebné dielo |
| 650 | 0 | 7 | |a pamiatkové objekty |
| 650 | 0 | 7 | |a povrchové úpravy |
| 650 | 0 | 7 | |a kostoly |
| 650 | 0 | 7 | |a hrady |
| 650 | 0 | 7 | |a Slovensko |
| 650 | 0 | 7 | |a ľudová architektúra |
| 700 | 1 | |a Majzlík, Daniel |4 ths | |
| 996 | |b 284AU10078 |c A* 155/V |l AAKNST |s P |a 0 |w 0112622_0001 | ||